Elements of forecasting

Αποθηκεύτηκε σε:
Λεπτομέρειες βιβλιογραφικής εγγραφής
Κύριος συγγραφέας: Diebold, Francis X. 1959-
Μορφή: Βιβλίο
Γλώσσα:English
Δημοσίευση: Cincinnati : South-Western College, c1998
Θέματα:
Ετικέτες: Προσθήκη ετικέτας
Δεν υπάρχουν, Καταχωρήστε ετικέτα πρώτοι!

MARC

LEADER 00000nam a2200000 i 4500
001 1/14286
008 991018s1998 eng d
020 |a 0-538-86244-0 (disk) 
020 |a 0-538-86791-4 
035 |l 10064944 
040 |a GR-MY-UA  |b gre  |e aacr 
041 0 |a eng 
082 0 |a 003.2 
100 1 |a Diebold, Francis X.  |d 1959- 
245 1 0 |a Elements of forecasting /  |c Francis X. Diebold 
260 |a Cincinnati :   |b South-Western College,   |c c1998 
300 |a xiii, 392 p.  |e 1 computer disk (3 1/2 in.) 
504 |a Includes bibliography and index 
650 0 0 |a Forecasting  |x Statistical methods. 
650 0 0 |a Forecasting  |x Problems, exercises, etc. 
852 |a INST  |b CHIOS  |e 19991018  |h 003.2 DIE  |p 005200014168  |q 005200014168  |t BK  |y 4  |x 20200123 
852 |a INST  |b CHIOS  |e 20001204  |h 003.2 DIE  |p 005200017056  |q 005200017056  |t BK  |y 0 
852 |a INST  |b CHIOS  |e 19991018  |h 003.2 DIE   |p 005200014167  |q 005200014167  |t BK  |y 0 
852 |a INST  |b CHIOS  |e 20010110  |h 003.2 DIE   |p 005200017035  |q 005200017035  |t BK  |y 0 
901 |a BIBL2-1999-3 
901 |a BIBL2-2001-1 
909 |a Χ  |b 068372 
909 |a Χ  |b 055898 
909 |a Χ  |b 082439 
909 |a Χ  |b 083396 
922 |a 2ΕΛΗ  |b 199909  |c ΤΝΕΥ  |d ΠΑΠΑΣΩΤΗΡΙΟΥ 
922 |a 2ΕΛΗ  |b 200010  |c ΜΟΔ  |d ΜΙΧΑΛΟΠΟΥΛΟΣ 
950 |a 186-2000-09-14 
970 |a ΣΠΕΝΤΖΑ  |b ΕΛΕΝΗ  |z 1999/10/18